Deep into Mani : journey to the southern tip of Greece
Αποθηκεύτηκε σε:
| Κύριος συγγραφέας: | |
|---|---|
| Άλλοι συγγραφείς: | |
| Μορφή: | Βιβλίο |
| Γλώσσα: | English |
| Δημοσίευση: |
London ; Boston :
Faber and Faber,
1985
|
| Θέματα: | |
| Ετικέτες: |
Προσθήκη ετικέτας
Δεν υπάρχουν, Καταχωρήστε ετικέτα πρώτοι!
|
MARC
| LEADER | 00000cam a2200000 i 4500 | ||
|---|---|---|---|
| 001 | 1/27656 | ||
| 008 | 060404s1985 eng d | ||
| 020 | |a 0-571-13524-2 | ||
| 035 | |l 10083455 | ||
| 040 | |a GR-MY-UA |b gre |e aacr | ||
| 041 | 0 | |a eng | |
| 082 | 0 | |a 914.94952 |2 (22) | |
| 100 | 1 | |a Greenhalgh, P. A. L. | |
| 245 | 1 | 0 | |a Deep into Mani : |b journey to the southern tip of Greece / |c Peter Greenhalgh and Edward Eliopoulos |
| 260 | |a London ; Boston : |b Faber and Faber, |c 1985 | ||
| 300 | |a 171 σ.; |b φωτ., εικ.; |c 22 εκ. | ||
| 504 | |a Περιέχει βιβλιογραφία (σ. [164]-166) και ευρετήριο | ||
| 651 | 0 | |a Mani Peninsula (Greece) |x Description and travel. | |
| 651 | 0 | |a Mani Peninsula (Greece) |x History. | |
| 700 | 1 | |a Eliopoulos, Edward. | |
| 852 | |a INST |b LESVOS |e 20060404 |h 914.94952 GRE |p 005100034836 |q 005100034836 |t BK |y 0 | ||
| 901 | |a BIBL1-2006-1 | ||
| 909 | |a Λ |b 126253 | ||
| 970 | |a ΚΑΡΑ |b ΓΙΑΣΕΜΗ |z 2006/04/04 | ||